000 00392nam a2200169 4500
020 _a9788126436088
082 _aM3
_bMAD/C
100 _aMadhavikutty
245 _aChandanamarangal/
_cby Madhavikutty
250 _a30
260 _aKottayam:
_bD C Books,
_c2025
300 _a62p,
650 _aNovel Malayalam
650 _aLiterature Malayalam
650 _aLiterature
942 _cBK
999 _c181550
_d181550